| 000 | 01404nam0a22003251 4500 | ||
|---|---|---|---|
| 001 | rc\4560364 | ||
| 005 | 20250611194742.0 | ||
| 021 |
_aRU _bРг4722-64 |
||
| 035 | _a(NLR Aleph) 008369169 | ||
| 090 |
_a9046824 _c9046824 |
||
| 100 | _a20130416d1964 |||y0rusy50 ca | ||
| 101 | 0 |
_arus _alit |
|
| 102 | _aRU | ||
| 105 | _aa b ||||| | ||
| 200 | 1 |
_a[Каталог _f[Вступ. статья] Эд. Пранцкунас] _gМ-во культуры Литов. ССР. Союз художников Литов. ССР. Респ. выставка произведений театр. художников. Вильнюсский гос. худож. музей |
|
| 210 |
_aВильнюс _cБ. и. _d1964 |
||
| 215 |
_a[1], 59 с. _cил. _d19х23 |
||
| 300 | _aТекст парал. на рус. и лит. яз. | ||
| 300 | _aНа обороте тит. л. сост.: Ю. Янкус, А. Лауцюс, И. Суркявичюс | ||
| 702 | 1 |
_aЛауцюс _bА. _4220 |
|
| 702 | 1 |
_aСуркявичюс _bИ. _4220 |
|
| 702 | 1 |
_aЯнкус _bЮ. _4220 |
|
| 702 | 1 |
_aПранцкунас _bЭд. _4080 |
|
| 710 | 1 | 2 | _aЛитовская респ. выставка произведений театральных художников (1964; Вильнюс) |
| 801 | 0 |
_aRU _bNLR _gpsbo |
|
| 801 | 1 |
_aRU _bELAR _2rusmarc |
|
| 852 |
_aNLR _bЭ _jКВ464.1/1964 |
||
| 942 | _cBOOK | ||
| 980 | _aNB | ||